Online Catalogue and eLibrary

The birth of rhetoric : (Record no. 768)

MARC details
000 -LEADER
fixed length control field 00425nam a2200169Ia 4500
005 - DATE AND TIME OF LATEST TRANSACTION
control field 20240705031613.0
008 - FIXED-LENGTH DATA ELEMENTS--GENERAL INFORMATION
fixed length control field 240331s9999 xx 000 0 und d
020 ## - INTERNATIONAL STANDARD BOOK NUMBER
ISBN 0415146429
082 ## - DDC Classification
Class No. 170
Item Number - Author Mark WAR
100 ## - MAIN ENTRY--PERSONAL NAME
Personal name Wardy, R
245 #4 - TITLE STATEMENT
Title The birth of rhetoric :
Remainder of title Gorgias,pleto and their successors
260 ## - PUBLICATION, DISTRIBUTION, ETC.
Place of publication, distribution, etc. London
Name of publisher, distributor, etc. Routledge
Date of publication, distribution, etc. 1996
300 ## - PHYSICAL DESCRIPTION
Extent (e.g. Volumes, Pages etc.) viii, 197 p .,
650 ## - SUBJECT ADDED ENTRY--TOPICAL TERM
Topical term or geographic name entry element Gender
650 ## - SUBJECT ADDED ENTRY--TOPICAL TERM
Topical term or geographic name entry element Philosophy
942 ## - Koha item type (Biblio)
Koha item type Books in Stacks (Lending)
Holdings
Lost status Damaged status Collection code Home library Current library Shelving location Date acquired Full call number Accession Number Item type
    Lending WERC Library WERC Library Social Science Cupboard 03/31/2024 170 WAR 2431 Books in Stacks (Lending)

© WERC Library